Noches Lúgubres

Gorde:
Xehetasun bibliografikoak
Egile nagusia: Cadalso y Vázquez de Andrade, José
Formatua: Liburua
Hizkuntza:Undetermined
Argitaratua: Madrid, España Espasa-Calpe 1961
Gaiak:
Etiketak: Etiketa erantsi
Etiketarik gabe, Izan zaitez lehena erregistro honi etiketa jartzen!

MARC

LEADER 00000nam a2200000Ia 4500
008 170316s9999 xx 000 0 und d
040 |a cru BVZT 
090 |a 862 C-2n 
100 |a Cadalso y Vázquez de Andrade, José 
245 |a Noches Lúgubres 
260 |a Madrid, España 
260 |b Espasa-Calpe 
260 |c 1961 
300 |a 66 páginas 
650 |a LITERATURA ESPAÑOLA 
999 |c 9650  |d 9650 
942 |c 15 D  |h 862 C-2n  |2 z